| 000 | 00881nam a2200337Ia 4500 | ||
|---|---|---|---|
| 008 | 170203s9999 xx 000 0 und d | ||
| 020 | _a9781848987623 | ||
| 050 | _aFic | ||
| 050 | _bH224k | ||
| 100 | _aHamm, Melanie. | ||
| 245 | _aKyle in trouble / | ||
| 245 | _cwritten by Melanie Hamm ; illustrated by Sue King. | ||
| 260 | _aLondon : | ||
| 260 | _bTick Tock. | ||
| 260 | _c2013 | ||
| 300 | _a24 pages : | ||
| 300 | _bcolor illustrations ; | ||
| 300 | _c23 cm. | ||
| 440 | _aI love reading phonics., | ||
| 440 | _vLevel 2 ;, Book G. | ||
| 500 | _a"Level 2G." | ||
| 650 | _aHigh interest-low vocabulary books. | ||
| 650 | _aReading -- | ||
| 650 | _aRescues -- | ||
| 650 | _aSailing -- | ||
| 650 | _aSharks -- | ||
| 650 | _xJuvenile fiction. | ||
| 650 | _xJuvenile fiction. | ||
| 650 | _xJuvenile fiction. | ||
| 650 | _xPhonetic method. | ||
| 999 |
_c306383 _d306383 |
||